000 00844nam a2200289 a 4500
003 AR-BaBNM
005 20251128203308.0
008 082120s2002 ||||||||||||||000 | spa||
040 _cAR-BaBNM
100 1 _aViso, José Francisco
245 0 0 _aDon caracol detective
260 _aBuenos Aires
_bStella
_bBruño
_c1993
300 _a139 p.
_bil.
490 0 _aAlta mar. Misterio
_vv. 6
500 _aContiene biografía de los autores
500 _aActividades, reflexiones y opiniones sobre el texto
500 _aViene acompañado de libro de actividades
650 4 _aLITERATURA INFANTIL
650 4 _aENSEÑANZA DE LA LECTURA
650 4 _aACTIVIDADES DE APRENDIZAJE
650 4 _aCUENTOS DE ANIMALES
653 _aCUENTOS DE MISTERIO
655 _aLITERATURA
700 1 _aFenoy, Nieves
942 _cBK
998 _cisola
999 _c2770
_d2770